| 000 | 00592cam a22002053a 4500 | ||
|---|---|---|---|
| 001 | 38798 | ||
| 003 | PGUSA | ||
| 005 | 20140828083844.0 | ||
| 008 | 120209s2012||||xxu|||||s|||||000 | eng d | ||
| 040 |
_aPGUSA _beng |
||
| 042 | _adc | ||
| 100 | 1 |
_aMoodie, Susanna, _d1803-1885 |
|
| 245 | 1 | 4 |
_aThe Monctons : _bA Novel: Volume 2 (of 2) _h[electronic resource] / _cSusanna Moodie |
| 260 |
_bProject Gutenberg, _c2012 |
||
| 506 | _aPublic domain in the USA. | ||
| 516 | _aElectronic text | ||
| 830 | 0 |
_aProject Gutenberg _v38798 |
|
| 856 | 4 | 0 | _uhttp://www.gutenberg.org/ebooks/38798 |
| 942 | _cEB | ||
| 999 |
_c268052 _d268052 |
||